书目信息 |
| 题名: |
装饰装修工程细部做法
|
|
| 作者: | 贾洪 , 钱增志 , 方宏伟 主编 ;中铁建设集团有限公司 主编 | |
| 分册: | ||
| 出版信息: | 北京 中国建筑工业出版社 2017.04 |
|
| 页数: | 274页 | |
| 开本: | 26cm | |
| 丛书名: | 建筑工程施工质量标准化指导丛书 | |
| 单 册: | ||
| 中图分类: | TU767-65 | |
| 科图分类: | ||
| 主题词: | 建筑装饰--工程装修--标准化 | |
| 电子资源: | ||
| ISBN: | 978-7-112-20583-7 | |
| 000 | 01242oam2 2200301 450 | |
| 001 | 0100004786 | |
| 005 | 20190312103500.75 | |
| 010 | @a978-7-112-20583-7@dCNY98.00 | |
| 100 | @a20170705d2017 em y0chiy50 ea | |
| 101 | 0 | @achi |
| 102 | @aCN@b110000 | |
| 105 | @aak z 000yy | |
| 200 | 1 | @a装饰装修工程细部做法@Azhuang shi zhuang xiu gong cheng xi bu zuo fa@f中铁建设集团有限公司主编 |
| 210 | @a北京@c中国建筑工业出版社@d2017.04 | |
| 215 | @a274页@c图@d26cm | |
| 225 | 2 | @a建筑工程施工质量标准化指导丛书 |
| 314 | @a主编:贾洪,钱增志,方宏伟 | |
| 330 | @a全书以现行的《住宅装饰装修工程施工规范》、《建筑装饰装修工程施工质量验收规范》等规范规程为依据编写,讲解了装饰装修中抹灰工程、门窗工程、吊顶工程、轻质隔墙和隔断工程、饰面板工程、裱糊工程、软包工程、涂饰工程、细部工程等施工细部工艺做法。 | |
| 333 | @a建筑工程施工人员 | |
| 410 | 0 | @12001 @a建筑工程施工质量标准化指导丛书 |
| 606 | 0 | @a建筑装饰@x工程装修@x标准化 |
| 690 | @aTU767-65@v5 | |
| 701 | 0 | @a贾洪@Ajia hong@4主编 |
| 701 | 0 | @a钱增志@Aqian zeng zhi@4主编 |
| 701 | 0 | @a方宏伟@Afang hong wei@4主编 |
| 712 | 02 | @a中铁建设集团有限公司@Azhong tie jian she ji tuan you xian gong si@4主编 |
| 801 | 0 | @aCN@c201701015 |
| 905 | @a河南城建学院图书馆@dTU767-65@eJ240-2 | |
| 装饰装修工程细部做法/中铁建设集团有限公司主编.-北京:中国建筑工业出版社,2017.04 |
| 274页:图;26cm.-(建筑工程施工质量标准化指导丛书) |
| 使用对象:建筑工程施工人员 |
| ISBN 978-7-112-20583-7:CNY98.00 |
| 全书以现行的《住宅装饰装修工程施工规范》、《建筑装饰装修工程施工质量验收规范》等规范规程为依据编写,讲解了装饰装修中抹灰工程、门窗工程、吊顶工程、轻质隔墙和隔断工程、饰面板工程、裱糊工程、软包工程、涂饰工程、细部工程等施工细部工艺做法。 |
| ● |
| 相关链接 |
|
|
|
正题名:装饰装修工程细部做法
索取号:TU767-65/J240-2
 
预约/预借
| 序号 | 登录号 | 条形码 | 馆藏地/架位号 | 状态 | 备注 |
| 1 | 1244646 | 212446469 | 建筑库201/201建筑库 48排1列2层/ [索取号:TU767-65/J240-2] | 在馆 | |
| 2 | 1337234 | 213372349 | 建筑库201/201建筑库 77排1列1层/ [索取号:TU767-65/J240-2] | 在馆 | |
| 3 | 1337235 | 213372358 | 建筑库201/201建筑库 77排1列1层/ [索取号:TU767-65/J240-2] | 在馆 |